| 000 | 00902nam a2200289Ia 4500 | ||
|---|---|---|---|
| 003 | OSt | ||
| 005 | 20221007122359.0 | ||
| 006 | a|||||r|||| 00| 0 | ||
| 007 | ta | ||
| 008 | 221006b |||||||| |||| 00| 0 eng d | ||
| 020 | _a9788120310070 (pbk) | ||
| 024 | _a83055 | ||
| 037 |
_b821, 18/12/2008, Capital Books Pvt.Ltd. _cTextbook |
||
| 040 |
_aPAPL _cPAPL _beng |
||
| 041 |
_2eng _aeng |
||
| 082 | _aCN1, N7;1 Carpa | ||
| 100 | _aAgarwal B K | ||
| 245 | 0 |
_aQuantum mechanics _b Hari Prakash |
|
| 260 |
_aNew _bDelhi Prentice Hall of India _c1997 |
||
| 300 |
_aix, 552p. _ccm. |
||
| 500 | _aAppendix 545-548p.; Index 549-552p. | ||
| 650 | _a Quantum mechanics | ||
| 650 | _aPhysics | ||
| 700 |
_a Hari Prakash _9230418 |
||
| 942 |
_hCN1, N7;1 Carpa _cTB _2CC |
||
| 999 |
_c1210246 _d1210246 |
||